000 00752nam a2200229 a 4500
999 _c975
_d975
001 975
003 BD-JhCC
005 20171012100101.0
008 171012s2009 bg |||| |a|| 000 0 ben d
020 _a9847076901010
035 _a(BD-JhCC)975
040 _aBD-JhCC
_dBD-JhCC
041 _aben
082 _a891.4409
_bSNH 2009
100 _aসিংহ, কালীপ্রসন্ন
245 _aহুতোম প্যাঁচার নকশা /
_cকালীপ্রসন্ন সিংহ
260 _aঢাকা :
_bঅ্যাডর্ন পাবলিকেশন প্রকাশনী,
_c২০০৯.
300 _a149 p. :
_c22 cm.
650 _aBengali Literature
_vLiterature
942 _2ddc
_cBK